Most Populous Cities of Finland - Statistics

General Stats
  • This quiz has been taken 41 times
  • The average score is 11 of 20
Answer Stats
Hint Answer % Correct
1 305 000 Helsinki
100%
205 000 Oulu
97%
277 000 Turku
97%
341 000 Tampere
94%
53 000 Rovaniemi
71%
128 000 Jyväskylä
63%
119 000 Lahti
63%
91 000 Kuopio
60%
72 000 Joensuu
57%
67 000 Vaasa
51%
50 000 Kotka
49%
47 000 Kouvola
46%
83 000 Pori
46%
56 000 Lappeenranta
43%
50 000 Hämeenlinna
37%
50 000 Porvoo
34%
37 000 Mikkeli
31%
36 000 Kokkola
23%
51 000 Seinäjoki
20%
43 000 Hyvinkää
11%
No matching quizzes found
Score Distribution
Percent of People with Each Score
Percentile by Number Answered
Your Score History
You have not taken this quiz